LEADER 01376nam a2200289 i 4500 001 000000174560 003 CaOOAMICUS 005 20081106000000.0 008 081106s1995 it u000 u ita u 013 $a152036 020 $a88-3950-403-6 040 $aSeMil$bita 100 1 $aDewey, John,$d<1859-1952>.$0(OLS)http://semarc/name/34686 240 10$aEsperienza ed educazione di Dewey e il problema del metodo pedagogico nell'attivismo del '900.$0(OLS)http://semarc/title/250224 245 10$a"Esperienza ed educazione" di Dewey e il problema del metodo pedagogico nell'attivismo del '900 /$ca cura di Maurizio Pancaldi. 260 $aTorino :$bParavia,$c1995. 300 $a169 p., [1] ritr. ;$c23 cm. 490 0 $aSentieri della pedagogia : autori. testi. problemi ;$v5 500 $aCon il testo. 700 1 $aPancaldi, Maurizio.$0(OLS)http://semarc/name/40390 830 0$aSentieri della pedagogia ;$v5.$0(OLS)http://semarc/title/26371 850 $aSeMil 852 $aSeMil$W1$xVenegono$y1$m2Q IV 38$j125396$B125396$CSeMilBibl$Z2$F136921 $81 961 $aOmaggio: Altro 996 $6020$a88-3950-403-6$9(OLS)http://semarc/number/162501 996 $6245$a"Esperienza ed educazione" di Dewey e il problema del metodo pedagogico nell'attivismo del '900$9(OLS)http://semarc/title/250223 996 $6260$aTorino :$bParavia$9(OLS)http://semarc/publisher/30028 LEADER 01140nam a2200241 i 4500 001 000000232248 003 CaOOAMICUS 005 20250819090013.0 008 140822s1966 it u000 u eng u 040 $aSeMil$bita 110 2 $aInternational Organization for the Study of Old Testament.$0(OLS)http://semarc/name/2406 245 10$aCongress volume, Genève 1965. 260 $aLeiden :$bE. J. Brill,$c1966. 300 $a326 p., [1] carta di tav. :$bill. ;$c25 cm. 490 0 $aSupplements to Vetus Testamentum ;$vVolume15. 650 4$aBibbia. Antico Testamento - Commentari, studi, critica, interpretazioni.$0(OLS)http://semarc/subject/2 650 4$aBibbia. Antico Testamento - Atti di congressi.$0(OLS)http://semarc/subject/37751 830 0$aSupplements to Vetus Testamentum ;$v15.$0(OLS)http://semarc/title/41355 850 $aSeMil 852 $aSeMil$W1$xVenegono$y1$m2YA Q 15$j260681$B182594$CSeMilBibl$Z2$F193616 $81 996 $6245$aCongress volume, Genève 1965$9(OLS)http://semarc/title/331416 996 $6260$aLeiden :$bE. J. Brill$9(OLS)http://semarc/publisher/30490